Statistiken für Spieler an Transfers erraten 2

Klicken Sie hier um das Quiz zu spielen!

Allgemein

  • Dieses Quiz wurde 310 mal gespielt
  • Das Durchschnittsergebnis liegt bei 5 aus 11

Antwortstatistiken

HintAntwort% Korrekt
Hertha - HSV - Man. City - Bayern - OLBoateng
84%
HSV - Mainz - Schalke - Stoke - PSG - BayernChoupo Moting
70%
Rot Weiss Ahlen - BVB - Galatasaray - VfB Stuttgart - Darmstadt - Uerdingen - BövinghausenGroßkreutz
66%
Stuttgart - Real - Juve - HerthaKhedira
66%
Sao Paolo - AC Milan - Real - AC Milan - OrlandoKaka
65%
Bremen - Leipzig - Hertha - Bremen - HerthaSelke
55%
Atletico Madrid - Wolves - LiverpoolJota
44%
1860 München - Werder Bremen - AS Rom - OM - LeverkusenVöller
19%
1860 München - Aue - Union - HSV - Hannover - HSV - Salt Lake City - New EnglandWood
14%
Cottbus - Hertha II - Babelsberg - RB Leipzig - Chemnitzer FC - Babelsberg (Schwer)Frahn
12%
1.HSK Gradanski - Sevilla - Real Madrid - Arsenal - West Ham - 1860 MünchenSuker
10%

Verteilung der Resultate

Perzentil nach korrekt beantworteten Fragen

Anzahl Personen mit jedem Resultat

Ihre Resultats-Entwicklung

Sie haben dieses Quiz noch nicht gespielt